Kultúrfinanszírozás Magyarországon a '90-es években
Elmentve itt :
| Szerző: | |
|---|---|
| További közreműködők: | |
| Dokumentumtípus: | Szakdolgozat |
| Megjelent: |
1999-03-30
|
| Tárgyszavak: | |
| Online Access: | http://diploma.bibl.u-szeged.hu/24995 |
| LEADER | 00575nta a2200157 i 4500 | ||
|---|---|---|---|
| 001 | dipl24995 | ||
| 005 | 20130314083117.0 | ||
| 008 | 111116s1999 hu om 0|| zxx d | ||
| 040 | |a SZTE Diploma Repozitórium |b hun | ||
| 041 | |a zxx | ||
| 100 | 1 | |a Komlovszki Zita | |
| 245 | 1 | 0 | |a Kultúrfinanszírozás Magyarországon a '90-es években |h [elektronikus dokumentum] / |c Zita Komlovszki |
| 260 | |c 1999-03-30 | ||
| 650 | 4 | |a Jogi és igazgatási tanulmányok | |
| 700 | 1 | |a Szondi Ildikó |e ths | |
| 856 | 4 | 0 | |u http://diploma.bibl.u-szeged.hu/id/eprint/24995/1/1999_komlovszki_zita.pdf |z Dokumentum-elérés |